Responses for show #4567 - Tuesday, June 15, 2004

Ken Jennings game 10.

Contestants

[<< previous game]

David Steinhardt, a writer from Quarry Hill, Vermont

Karen Gasperino, an administrative assistant from Las Vegas, Nevada

Ken Jennings, a software engineer from Salt Lake City, Utah (whose 9-day cash winnings total $291,158)

[next game >>]

Jeopardy! Round responses

NATION"Z"
HOME, SWEET TELEVISION HOME
FASHION
CELEBRITY AILMENTS
THE NAME GAME
3-LETTER WORDS
    $200 1
New Zealand

Ken
    $200 6
Yogi Bear

Ken
    $200 26
the vest

Ken
    $200 14
Lou Gehrig

Ken
    $200 11
Skipper

Ken
    $200 17
jab

Ken
    $400 2
(David: What is Zambia?)

Venezuela

KarenDavid
    $400 7
the Enterprise

David
    $400 27
miniskirts

Ken
    $400 22
asthma

Ken
    $400 12
Larry

Karen
    $400 18
cob

Ken
    $600 3
Switzerland

Ken
    $600 8
The Monkees

Ken
    $1,800 28
(Ken: What is... cozy?)

Ugg

Ken
    $600 23
David Crosby

Ken
    $600 13
Comet

David
    $600 19
hip hop

Ken
    $800 4
Mozambique

Ken
    $800 9
The Wild Wild West

Ken
    $800 29
top hats

David
    $800 24
Tourette's syndrome

Karen
    $800 15
Aramis

Ken
    $800 20
din

David
    $1000 5
Kazakhstan

Ken
    $1000 10
The Waltons

Ken
    $1000 30
houndstooth

Ken
    $1000 25
rheumatoid arthritis

Triple Stumper
    $1000 16
Justin

Ken
    $1000 21
nil

Ken

Scores at the first commercial break (after clue 15):

Ken Karen David
$6,400 $800 $600

Scores at the end of the Jeopardy! Round:

Ken Karen David
$10,400 $1,600 $2,200

Double Jeopardy! Round responses

FAMOUS AMERICANS
HITS OF THE '60s
LAST WORDS
MIND YOUR SCIENCE "P"s & "Q"s
PHOTOGRAPHY
SCRAMBLED STATE CAPITALS
    $400 17
Walt Disney

Ken
    $400 1
"Respect" ("R-E-S-P-E-C-T" accepted)

Ken
    $400 7
Marilyn Monroe

Ken
    $400 16
quills

Karen
    $400 28
tripod

Ken
    $400 3
Phoenix

Ken
    $800 19
(Ken: Who are [*]? But probably not in that order.)

Clarence Darrow and William Jennings Bryan

Ken
    $800 2
blue

David
    $800 12
The Adventures of Huckleberry Finn

David
    $800 18
Pluto

David
    $800 29
tintype

Triple Stumper
    $800 8
Lansing

Ken
    $1200 20
Annie Sullivan

David
    $1200 4
The Drifters

Triple Stumper
    $1200 13
The Apartment

Ken
    $1200 23
quail

Ken
    $5,400 30
Ansel Adams

Ken
    $1200 9
Olympia

Ken
    $1600 21
Pat

Ken
    $1600 5
"I Get Around"

Ken
    $1,600 14
I Pagliacci

Ken
    $1600 24
pressure

Ken
    $1600 27
lens flare

Ken
    $1600 10
Nashville

Triple Stumper
    $2000 22
Jeannette Rankin

Ken
    $2000 6
the green tambourine

Karen
    $2000 15
(David: Who is Teddy Roosevelt?)

Rutherford B. Hayes

KenDavid
    $2000 25
quarks

David
    $2000 26
(Karen: What is a fixer?)
(Ken: What is a fixative?)

a stop bath

KenKaren
Triple Stumper
    $2000 11
Bismarck

Ken

Scores at the end of the Double Jeopardy! Round:

Ken Karen David
$35,000 $2,000 $5,800
(lock game)

[wagering suggestions for these scores]

Final Jeopardy! Round responses

CLASSIC LITERATURE
(Alex: I believe our 1-day recording on Jeopardy! is $52,000. Will Ken Jennings, our champion, try to set a new record today?)
...
(Alex: [To Karen] The words, by the way, are from Milton's Paradise Lost.)
KarenWhat is Frankenstein?
$1,000
DavidWhat is Frankenstein? [with picture]
$0
KenWhat is Frankenstein?
$15,000
Frankenstein

Final scores:

Ken Karen David
$50,000 $3,000 $5,800
10-day champion: $341,158 3rd place: $1,000 2nd place: $2,000

Game dynamics:

Coryat scores:

Ken Karen David
$32,600 $2,000 $5,800
40 R
(including 2 DDs),
2 W
(including 1 DD)
5 R,
1 W
9 R,
2 W

Combined Coryat: $40,400

The J! Archive is created by fans, for fans. The Jeopardy! game show and all elements thereof, including but not limited to copyright and trademark thereto, are the property of Jeopardy Productions, Inc. and are protected under law. This website is not affiliated with, sponsored by, or operated by Jeopardy Productions, Inc. Join the discussion at JBoard.tv.